Choosing an exchange rate regime (Record no. 37361)

MARC details
000 -LEADER
fixed length control field 01087nam a2200241 a 4500
008 - FIXED-LENGTH DATA ELEMENTS--GENERAL INFORMATION
fixed length control field 120416s1990 ||||||||||||||||| || u
020 ## - INTERNATIONAL STANDARD BOOK NUMBER
International Standard Book Number 1557751331
050 ## - LIBRARY OF CONGRESS CALL NUMBER
Classification number HG 3851 Cho
100 ## - MAIN ENTRY--PERSONAL NAME
Personal name Grauwe, Paul de
245 10 - TITLE STATEMENT
Title Choosing an exchange rate regime
Statement of responsibility, etc. edited by Victor Argy
246 ## - VARYING FORM OF TITLE
Title proper/short title the challenge for smaller industrial countries
260 ## - PUBLICATION, DISTRIBUTION, ETC.
Place of publication, distribution, etc. Washington
Name of publisher, distributor, etc. International Monetary Fund
Date of publication, distribution, etc. 1990
260 ## - PUBLICATION, DISTRIBUTION, ETC.
Place of publication, distribution, etc. Washington
Name of publisher, distributor, etc. International Monetary Fund Katholieke Universiteit Leuven Macquarie University
Date of publication, distribution, etc. 1990
300 ## - PHYSICAL DESCRIPTION
Extent v, 391p. : ill.
350 ## - PRICE (NR) (BK AM CF MU VM SE) [OBSOLETE]
Price 0.00
500 ## - GENERAL NOTE
General note Papers from a conference held at the Centre for European Policy Studies in Brussels, Oct. 1989. -Includes bibliographical references.
650 ## - SUBJECT ADDED ENTRY--TOPICAL TERM
Topical term or geographic name entry element FOREIGN EXCHANGE ADMINISTRATION
650 ## - SUBJECT ADDED ENTRY--TOPICAL TERM
Topical term or geographic name entry element FOREIGN EXCHANGE
700 ## - ADDED ENTRY--PERSONAL NAME
Personal name Polak, J. J. (Jacques Jacobus), 1914-
700 ## - ADDED ENTRY--PERSONAL NAME
Personal name Argy, Victor E
710 ## - ADDED ENTRY--CORPORATE NAME
Corporate name or jurisdiction name as entry element INTERNATIONAL MONETARY FUND(IMF)
995 ## - RECOMMENDATION 995 [LOCAL, UNIMARC FRANCE]
-- 0.00
-- CBU-MAIN LIBRARY (Kitwe)
-- 1
-- 17.55
-- 1
-- AVAILABLE
-- Main Library Open Access Collection
Holdings
Withdrawn status Lost status Source of classification or shelving scheme Damaged status Not for loan Home library Current library Shelving location Date acquired Total Checkouts Full call number Barcode Date last seen Price effective from Koha item type
          CBU-MAIN LIBRARY, KITWE. CBU-MAIN LIBRARY, KITWE.   11/30/2022   HG 3851 Cho 007752 11/30/2022 11/30/2022 MONOGRAPH